00813nam a22002297a 450000500170000001000170001702000250003403500170005903700240007608200130010010000270011324501590014026000350029927000680033430000290040249000520043150000200048370000250050370000190052870000180054770000180056520111212124247.0 aB-482938-955 a9788179931660c75.00 aB-482938-955 bBlueberry Books/Ven a673.7228 aAgarwal, Tanya Luther  aA amazing journey of a soda can /cby Tanya Luther Agarwal; edited by Madhu Singh Sirohi; illustrated by Yatindra Kumar, Vijay Nipane [and] Neeraj Ridlan aNew Delhi bTERI Press c2008 aDrbari Seth Block, IHC Complex, Lodhi Road,bNew Delhi e110003 a16p. bill. c24cm(pbk)  aFrom nature to your home; edited by Pallavi Sah aIncludes index  aSirohi, Madhu Singh  aYatindra Kumar aRidlan Neeraj aNipane, Vijay